Регионална библиотека "Любен Каравелов" - Русе

Общо земеделие с почвознание и торене (Запис номер 56244)

MARC детайли
000 -Лидер
Контролно поле с фиксирана дължина 01586nam a2200361 c 4500
003 - Код на организацията, давaща контролен номер
Контролно поле BLK
005 - Дата и час на последна редакция
Контролно поле 20220707135219.0
008 - Елементи от данни с фиксирана дължина
fixed length control field 180408b bul|||||r ||||||| ||bul||
010 ## - Наследен системен номер
LC control number KNG00060223000
040 ## - Източник на каталожния запис
Идентификатор на билиотеката - собственик на записа BLK
041 ## - Код за език
Код за езика на текст/звукозапис или на отделно заглавие Български
Код за езика КДБФ Български
080 ## - УДК
Текстов определител УДК Почвознание. Почвени изследвания
УДК код - определител по УДК 631.4
УДК определител (075.8)
УДК - код + определител 631.4(075.8)
080 ## - УДК
Текстов определител УДК Торове. Торене. Стимулиране растежа на растенията. Растителни стимулатори
УДК код - определител по УДК 631.8
УДК определител (075.8)
УДК - код + определител 631.8(075.8)
100 1# - Редна дума - Автор
Автор Атанасов, Прокопи Георгиев
Авторска отговорност първи автор
R(LIN) 286726
139 ## - Редно поле
Редна дума Атанасов, Прокопи Георгиев
Авторски знак Ат - А 93
245 10 - Сведения за заглавието
Заглавие Общо земеделие с почвознание и торене
Подзаглавни данни Учебник за студентите при ВСИ Г. Димитров
Редно поле (дума) Прокопи Георгиев Атанасов, Марин Д. Пенков.
257 ## - Страна на издаване
Страна на създаване/издаване България
260 ## - Област на издателските данни
Място на издаване, разпространение и проч. София
Име на издателя, разпространителя и проч. Земиздат
Година на издаване 1970
300 ## - Физическа характеристика
Страници 318 с.
Размери/Мащаб 20 см
380 ## - Жанр
Жанр Селско стопанство
650 #4 - Допълнително описание по предмет – тема
Основно описание – тема или топоним Земеделие - учебници за ВУЗ
9 (RLIN) 250239
650 #4 - Допълнително описание по предмет – тема
Основно описание – тема или топоним Почвознание - учебници за ВУЗ
9 (RLIN) 254988
650 #4 - Допълнително описание по предмет – тема
Основно описание – тема или топоним Торове и торене
9 (RLIN) 275701
653 ## - Ключова дума – ненормативна
Ключова дума земеделие
653 ## - Ключова дума – ненормативна
Ключова дума почвознание
653 ## - Ключова дума – ненормативна
Ключова дума торене
700 1# - Други автори (авторска отговорност)
Лично име Пенков, Марин Д.
Автороска отговорност (Описва отношението между автора и произведението) съавт.
9 (RLIN) 286727
852 ## - Местоположение
Форматна сигнатура Цб 54405
Фондова буква Хранилище
856 4# - Електронен адрес и достъп
Електронен формат pdf - файл
856 4# - Електронен адрес и достъп
Електронен формат pdf - файл
999 ## - СИСТЕМНИ КОНТРОЛНИ НОМЕРА
Koha biblionumber 56244
Koha biblioitemnumber 56244
942 ## - АРТИКУЛИ
Вид на библиотечния материал Книги
Скрит в OPAC Не
Периодичен библиозапис Да
944 ## - СЪЗДАВАНЕ И РЕДАКЦИЯ на ЗАПИСА
Създаване/Редакция Създаване
Дата на регистрацията/редакция 13.06.2004
Служител, извършил регистрацията/редакцията Наталия_Медовщикова
944 ## - СЪЗДАВАНЕ И РЕДАКЦИЯ на ЗАПИСА
Създаване/Редакция Редакция
Дата на регистрацията/редакция 16.03.2012
944 ## - СЪЗДАВАНЕ И РЕДАКЦИЯ на ЗАПИСА
Създаване/Редакция Редакция
Дата на регистрацията/редакция 2022-07-07
999 ## - СИСТЕМНИ КОНТРОЛНИ НОМЕРА
Koha biblioitemnumber 56244
Наличности
Код за отписване Код за изгубен артикул Източник на класификационната схема Код за повреда Коз за рестрикции Код за отдаване Артикулен № Име на библиотеката - собственик Име на библиотеката, в която се намира в момента Статус (Текущо местоположение) Дата на вписване в системата Местоположение - отдел Цена в лева Инвентарен номер Систематично азбучна сигнатура Баркод Номер на екземпляра Цена в евро Служебна бележка Служебен тип на артикула
Изтеглен Не е изгубен Universal Decimal Classification Не е повреден без рестрикции ползва се в читалня 88807 Регионална библиотека "Любен Каравелов" Русе Регионална библиотека "Любен Каравелов" Русе Читалня 1993-01-01 Читалня 1.56 78059 Ч 631.4/А 93 78059 1 0.80 N: стар фонд Дата: 01.01.1993 Дата инв: 20.03.2017 Бележки инв: Ч2017 Книги
  Не е изгубен Universal Decimal Classification Не е повреден без рестрикции ползва се в читалня 88808 Регионална библиотека "Любен Каравелов" Русе Регионална библиотека "Любен Каравелов" Русе Хранилище 1970-01-01 Хранилище 1.56 77598 Цб 54405 120000077598 2 0.80 N: стар фонд Дата: 01.01.1970 Книги
Vip Innovations Ltd, Rousse, Bulgaria 2025